The act of teaching /

This book is about: The backdrop of teaching; The act of teaching; The effective teacher; and Practice teaching manual.

Αποθηκεύτηκε σε:
Λεπτομέρειες βιβλιογραφικής εγγραφής
Κύριος συγγραφέας: Cruickshank, Donald R.
Άλλοι συγγραφείς: Bainer, Deborah L., Metcalf, Kim K.
Μορφή: Βιβλίο
Γλώσσα:English
Έκδοση: Boston : McGraw Hill College, 1999.
Έκδοση:2nd ed.
Θέματα:
Ετικέτες: Προσθήκη ετικέτας
Δεν υπάρχουν, Καταχωρήστε ετικέτα πρώτοι!
Thư viện lưu trữ: Mạng thư viện Đại học Đà Nẵng
LEADER 01112cam a2200385 i 4500
001 000048485
003 8203
005 20030325154340.0
008 010319|1999 vm 000 eng
020 |a 0070007896 
040 |a IRC  |c IRC  |d IRC 
041 0 |a eng 
082 1 4 |a 371.102  |b CR-D 
100 1 |a Cruickshank, Donald R. 
245 0 4 |a The act of teaching /  |c Donald R. Cruickshank, Deborah L. Bainer, Kim K. Metcalf. 
250 |a 2nd ed. 
260 |a Boston :  |b McGraw Hill College,  |c 1999. 
300 |a xvi, 480 p. :  |b ill. (some col.) ;  |c 27.5cm. 
520 3 |a This book is about: The backdrop of teaching; The act of teaching; The effective teacher; and Practice teaching manual. 
630 0 4 |a Education. 
630 0 4 |a Teaching. 
650 0 4 |a Teaching. 
650 0 4 |a Lesson planning. 
700 1 |a Bainer, Deborah L. 
700 1 |a Metcalf, Kim K. 
OWN |a DUT 
999 |a From the UDN01 
TYP |a Monograph 
TYP |a Printed language 
980 |a Mạng thư viện Đại học Đà Nẵng